000 00513nas a2200181 a 4500
001 25121
003 84256
005 20201118100452.0
008 ||||||n9999 ||| || ||
041 _aspa
245 0 _aDiagnostico administrativo municipio de Floridablanca, Santander
260 _aBogotá :
_bEscuela Superior de Administración Pública - ESAP,
_c1988.
300 _av
562 _e0
650 _aDIAGNÓSTICO ADMINISTRATIVO
650 _aFLORIDABLANCA (SANTANDER, COLOMBIA)
942 _cDOC
999 _c25121
_d25121